Statistics for Countries of Asia Quiz

Click here to take the quiz!

General Stats

  • This quiz has been taken 282,897 times
    (282,859 since last reset)
  • The average score is 39 of 48

Answer Stats

Country % Correct
China
99%
India
97%
Japan
97%
South Korea
95%
North Korea
95%
Iraq
92%
Iran
92%
Indonesia
92%
Pakistan
91%
Vietnam
91%
Mongolia
91%
Thailand
90%
Afghanistan
89%
Saudi Arabia
88%
Nepal
87%
Turkey
87%
Kazakhstan
86%
Philippines
86%
Sri Lanka
84%
Laos
84%
Yemen
84%
Israel
84%
Malaysia
83%
Oman
83%
Bangladesh
83%
Cambodia
83%
Taiwan
83%
United Arab Emirates
81%
Myanmar
80%
Jordan
80%
Uzbekistan
80%
Syria
80%
Turkmenistan
78%
Qatar
75%
Bhutan
74%
Singapore
74%
Azerbaijan
72%
Kuwait
72%
Armenia
72%
Georgia
72%
Lebanon
72%
Tajikistan
70%
Kyrgyzstan
68%
Cyprus
64%
Brunei
61%
Bahrain
61%
East Timor
59%
Maldives
58%

Score Distribution

Percentile by Number Answered

Percent of People with Each Score

Your Score History

You have not taken this quiz since the last reset